Catalogue of the Mingana Collection of Manuscripts (Record no. 2385)

MARC details
000 -LEADER
fixed length control field 00645nam a2200241 a 4500
020 ## - INTERNATIONAL STANDARD BOOK NUMBER
ISBN
082 00 - DEWEY DECIMAL CLASSIFICATION NUMBER
Classification number 017.2
Author Cutter GOT
100 ## - MAIN ENTRY--AUTHOR NAME
Author name Gottschalk, H L Et Al
245 ## - TITLE STATEMENT
Title Catalogue of the Mingana Collection of Manuscripts
Sub title Islamic Arabic Manus.V.
260 ## - PUBLICATION, DISTRIBUTION, ETC. (IMPRINT)
Place of publication Birmingham
Name of publisher Selly Oak College
Year of publication 1963
300 ## - PHYSICAL DESCRIPTION
Number of Pages 415p
500 ## - GENERAL NOTE
General note includes index and biblioraphy
505 2# - FORMATTED CONTENTS NOTE
Formatted contents note Indexes
650 ## - SUBJECT ADDED ENTRY--TOPICAL TERM
Topical Term Manuscripts-Catalogue
942 ## - ADDED ENTRY ELEMENTS (KOHA)
Koha item type Books
700 1# -
-- Gottschalk, H L Et Al
Holdings
Collection code Home library Current library Date acquired Cost, normal purchase price Full call number Accession Number Koha item type
  Henry Martyn Institute Library Henry Martyn Institute Library 08/01/2007 100.00 017.2 GOT 02986 Books
                   Copyright © 2026 | Henry Martyn Institute | Hyderabad | TS-500052 | INDIA | Implemented by hmi.edu.in
Hit-Count:

Powered by Koha